[Event "Titled Tue 3rd Jan Late"]
[Site "chess.com INT"]
[Date "2025.06.03"]
[Round "8"]
[White "Qin, Kevin"]
[Black "Tristan, Leonardo"]
[Result "1-0"]
[BlackTitle "GM"]
[WhiteElo "2017"]
[BlackElo "2536"]
[WhiteFideId "2627949"]
[BlackFideId "113816"]
[EventDate "2025.06.03"]

1. c4 e6 2. Nc3 d5 3. e3 Nf6 4. Nf3 dxc4 5. Bxc4 a6 6. a4 b6 7. b3 Bb7 8. Bb2
Nbd7 9. O-O Bb4 10. Qe2 O-O 11. d4 Qe7 12. Rfd1 Rfd8 13. Na2 Ba3 14. Bc3 Ne4 15.
Be1 Bd6 16. Nc3 Ndf6 17. h3 Bb4 18. Nxe4 Nxe4 19. Bxb4 Qxb4 20. Ne5 b5 21. Bd3
Qxb3 22. axb5 axb5 23. Rxa8 Rxa8 24. Rc1 f6 25. Rxc7 Qd5 26. f3 Ng3 27. Qe1 Nf5
28. Be4 Qd6 29. Rd7 Qa3 30. Bxb7 Qa1 31. Rd8+ Rxd8 32. Qxa1 fxe5 33. dxe5 b4 34.
Qb2 Rd1+ 35. Kf2 h5 36. Qxb4 h4 37. Be4 Ng3 38. Qc4 Kf7 39. Bd3 Rd2+ 40. Be2 Kg6
41. Ke1 Rb2 42. Bd3+ 1-0

[Event "Titled Tue 3rd Jan Late"]
[Site "chess.com INT"]
[Date "2025.06.03"]
[Round "8"]
[White "Matta, Vinay Kumar"]
[Black "Caprio, Guido"]
[Result "1/2-1/2"]
[WhiteTitle "FM"]
[BlackTitle "IM"]
[WhiteElo "2120"]
[BlackElo "2435"]
[WhiteFideId "5016649"]
[BlackFideId "834580"]
[EventDate "2025.06.03"]

1. e4 e6 2. d4 d5 3. Nc3 Nf6 4. e5 Nfd7 5. Nce2 c5 6. c3 Nc6 7. Nf3 Be7 8. Nf4
g5 9. Nxg5 Ndxe5 10. Ngxe6 Bxe6 11. dxe5 Qc7 12. Nxe6 Qxe5+ 13. Be2 fxe6 14. O-O
O-O-O 15. Re1 Bd6 16. g3 Qf6 17. Bg4 Ne5 18. f4 Nxg4 19. Qxg4 Rde8 20. Kh1 Rhg8
21. Qh3 Qf5 22. Qg2 h5 23. Be3 h4 24. Rad1 hxg3 25. hxg3 Rg4 26. Bf2 Rh8+ 27.
Kg1 Bxf4 28. Qf3 Bxg3 29. Qxf5 Bxf2+ 30. Kxf2 exf5 31. Rxd5 Rh2+ 32. Kf3 Rh3+
33. Kf2 Rh2+ 34. Kf3 Kc7 35. Rxc5+ Kb6 36. Rxf5 Rgg2 37. Re6+ Kc7 38. Rf7+ Kd8
39. Ree7 Rf2+ 40. Kg3 Rfg2+ 41. Kf3 Rf2+ 42. Kg3 Rhg2+ 43. Kh3 Rh2+ 44. Kg3 1/2-1/2

[Event "Titled Tue 3rd Jan Late"]
[Site "chess.com INT"]
[Date "2025.06.03"]
[Round "8"]
[White "Sharankov, Grigory"]
[Black "Daianu, Cristian-Clement"]
[Result "1-0"]
[WhiteTitle "CM"]
[BlackTitle "FM"]
[WhiteElo "2238"]
[BlackElo "2205"]
[WhiteFideId "4168356"]
[BlackFideId "1208926"]
[EventDate "2025.06.03"]

1. e4 c5 2. Nf3 d6 3. d4 cxd4 4. Qxd4 Nf6 5. h3 a6 6. Be2 Nc6 7. Qe3 b5 8. O-O
Bb7 9. a4 b4 10. Nbd2 e6 11. b3 Be7 12. Bb2 O-O 13. Rfd1 Qc7 14. Nc4 Rfd8 15. e5
dxe5 16. Nfxe5 Nd5 17. Qg3 Nc3 18. Bxc3 bxc3 19. Bf3 Nxe5 20. Bxb7 Qxb7 21. Qxe5
Bf6 22. Qe3 Qb4 23. Qe2 g6 24. Rxd8+ Rxd8 25. Rd1 Rd5 26. Ne3 Rd2 27. Qxa6 Bd4
28. Rxd2 cxd2 29. Qd3 e5 30. Nc4 Bc3 31. g3 h5 32. a5 e4 33. Qd5 e3 34. Nxe3 Qa3
35. Kg2 Qc1 36. a6 Qa1 37. Qd8+ Kg7 38. Qd3 Kg8 39. a7 1-0

[Event "Titled Tue 3rd Jan Late"]
[Site "chess.com INT"]
[Date "2025.06.03"]
[Round "8"]
[White "Pein, Jonathan"]
[Black "Gonzalez Vega, Alejandro"]
[Result "1-0"]
[WhiteTitle "FM"]
[BlackTitle "FM"]
[WhiteElo "2237"]
[BlackElo "2092"]
[WhiteFideId "417092"]
[BlackFideId "3510042"]
[EventDate "2025.06.03"]

1. b3 d6 2. Bb2 Nf6 3. d4 c6 4. e3 Nbd7 5. Nc3 g6 6. g4 Bg7 7. g5 Ng8 8. h4 h5
9. gxh6 Nxh6 10. h5 Nf5 11. Bg2 Nf6 12. hxg6 fxg6 13. Rxh8+ Bxh8 14. Nh3 Bg7 15.
Qd3 d5 16. Nf4 Kf7 17. O-O-O Bh6 18. Nce2 Qa5 19. Kb1 Qa6 20. c4 Bd7 21. Rh1 Bg5
22. cxd5 Qxd3+ 23. Nxd3 cxd5 24. Ne5+ Kg7 25. Nxd7 Nxd7 26. Bxd5 Rf8 27. f4 Bf6
28. e4 Ne3 29. Bxb7 e6 30. Ba3 Rb8 31. Bc6 Nb6 32. Bd6 Rd8 33. e5 Nbd5 34. exf6+
Kxf6 35. Be5+ Kf5 36. Rh4 Ke4 37. Nc3+ Kf3 38. Nxd5 Nxd5 39. Rh6 Ke2 40. Rxg6
Nc3+ 41. Kb2 Nd1+ 42. Ka3 Rc8 43. Rxe6 Kd2 44. d5 Ne3 45. f5 Nc2+ 46. Ka4 1-0

[Event "Titled Tue 3rd Jan Late"]
[Site "chess.com INT"]
[Date "2025.06.03"]
[Round "8"]
[White "Ibarra Jerez, Jose Carlos"]
[Black "Toktomushev, Teimur"]
[Result "1-0"]
[WhiteTitle "GM"]
[BlackTitle "FM"]
[WhiteElo "2545"]
[BlackElo "2398"]
[WhiteFideId "2226332"]
[BlackFideId "14176726"]
[EventDate "2025.06.03"]

1. e4 c5 2. Nf3 e6 3. d3 d5 4. Qe2 Nf6 5. g3 Nc6 6. Bg2 Be7 7. O-O O-O 8. e5 Nd7
9. c4 Re8 10. Nc3 Nf8 11. h4 a6 12. h5 h6 13. Bf4 b5 14. Nh2 Nd4 15. Qd2 Bb7 16.
Ng4 Nh7 17. Ne3 b4 18. cxd5 bxc3 19. bxc3 Bg5 20. Bxg5 Nxg5 21. f4 Bxd5 22. Nxd5
Ngf3+ 23. Bxf3 Nxf3+ 24. Rxf3 Qxd5 25. Raf1 Red8 26. g4 Rab8 27. Qg2 c4 28. d4
Qe4 29. f5 exf5 30. gxf5 Kh8 31. Qg3 Qc2 32. R1f2 Qc1+ 33. Kh2 Rb1 34. Qg2 Qg5
35. Qxg5 hxg5 36. f6 gxf6 37. Rxf6 Rc1 38. R2f3 g4 39. Rg3 Rb8 40. Rxg4 Rxc3 41.
Rxf7 Rb2+ 42. Rg2 Rxg2+ 43. Kxg2 Rd3 44. e6 Re3 45. e7 1-0

[Event "Titled Tue 3rd Jan Late"]
[Site "chess.com INT"]
[Date "2025.06.03"]
[Round "8"]
[White "El Jawich, Amro"]
[Black "Bogaudinov, Rushan"]
[Result "0-1"]
[WhiteTitle "FM"]
[BlackTitle "FM"]
[WhiteElo "2307"]
[BlackElo "1912"]
[WhiteFideId "5300380"]
[BlackFideId "4129288"]
[EventDate "2025.06.03"]

1. g3 h5 2. d4 h4 3. g4 d6 4. h3 Nd7 5. e4 c5 6. c3 cxd4 7. cxd4 Ngf6 8. Nc3 a6
9. Bg2 e6 10. Nge2 Be7 11. O-O Rb8 12. Kh1 b5 13. a3 Bb7 14. Be3 Nb6 15. b3 Rc8
16. f4 d5 17. e5 Ne4 18. Nxe4 dxe4 19. f5 Nd5 20. Qd2 Qb6 21. Bxe4 Nxe3 22. Qxe3
Bxe4+ 23. Qxe4 Bg5 24. fxe6 Qxe6 25. d5 Qe7 26. Nd4 Rc3 27. e6 Rxh3+ 28. Kg2
Rg3+ 29. Kf2 O-O 30. Nf5 Qc5+ 31. Ke2 Qc3 32. Rad1 Qb2+ 33. Ke1 fxe6 34. Qxe6+
Kh7 35. Rf2 Rxf5 36. Qxf5+ Kh6 37. Qe6+ g6 38. Rf8 Qc3+ 39. Rd2 Re3+ 40. Qxe3
Qxe3+ 41. Re2 Qc3+ 42. Kf2 Kg7 43. Rfe8 Qd4+ 44. Kg2 Qxd5+ 45. Kh3 Qf3+ 46. Kh2
Bf4+ 0-1

[Event "Titled Tue 3rd Jan Late"]
[Site "chess.com INT"]
[Date "2025.06.03"]
[Round "8"]
[White "Gimeno Martos, Roberto"]
[Black "Blackburn, Jonathan L B"]
[Result "1-0"]
[WhiteTitle "CM"]
[BlackTitle "FM"]
[WhiteElo "2090"]
[BlackElo "2200"]
[WhiteFideId "2226804"]
[BlackFideId "1801090"]
[EventDate "2025.06.03"]

1. d4 Nf6 2. Nf3 c5 3. e3 g6 4. Nc3 Bg7 5. Be2 O-O 6. O-O d5 7. dxc5 Na6 8. c6
bxc6 9. Nd4 Nb8 10. a4 e5 11. Nb3 Nbd7 12. a5 Qe7 13. h3 a6 14. Na4 Bb7 15. Bd2
c5 16. Nb6 Nxb6 17. axb6 Rfc8 18. Na5 Ne4 19. Bf3 Nxd2 20. Qxd2 e4 21. Bg4 f5
22. Be2 Bxb2 23. Rab1 Be5 24. Rfd1 Rd8 25. f4 Bf6 26. g4 d4 27. Bc4+ Kh8 28. Kh2
dxe3 29. Qxe3 Bd4 30. Qe1 Rd7 31. c3 Bg7 32. Rxd7 Qxd7 33. Rd1 Qe7 34. Qd2 Re8
35. Qd7 e3 36. Nxb7 Qxd7 37. Rxd7 e2 38. Bxe2 Rxe2+ 39. Kg3 Bxc3 40. Nxc5 Rb2
41. b7 Be1+ 42. Kf3 Ba5 43. Nxa6 h5 44. b8=Q+ Rxb8 45. Nxb8 hxg4+ 46. hxg4 fxg4+
47. Kxg4 g5 48. Kxg5 Bc3 49. Kg6 Bf6 50. Kxf6 1-0

[Event "Titled Tue 3rd Jan Late"]
[Site "chess.com INT"]
[Date "2025.06.03"]
[Round "8"]
[White "Kleimenov, Nikolay"]
[Black "Gharibyan, Mamikon"]
[Result "1-0"]
[WhiteTitle "CM"]
[BlackTitle "GM"]
[WhiteElo "2198"]
[BlackElo "2472"]
[WhiteFideId "34414223"]
[BlackFideId "13308300"]
[EventDate "2025.06.03"]

1. e4 e6 2. d4 d5 3. Nc3 Nf6 4. Bg5 dxe4 5. Nxe4 Be7 6. Nxf6+ Bxf6 7. Bxf6 Qxf6
8. Nf3 O-O 9. Qe2 c5 10. O-O-O cxd4 11. Nxd4 e5 12. Nb5 Nc6 13. Qe3 Be6 14. Bd3
Nb4 15. Bxh7+ Kxh7 16. Qe4+ Kg8 17. Qxb4 Qxf2 18. Rd2 Qb6 19. Rd6 Qe3+ 20. Qd2
Qxd2+ 21. Rxd2 Rfc8 22. Nd6 Rc7 23. Rhd1 f6 24. b3 Kh7 25. Kb2 Kg6 26. c4 a6 27.
h3 Rd8 28. Ne4 Rxd2+ 29. Rxd2 f5 30. Nc3 e4 31. Ne2 Kf6 32. Nf4 g5 33. Nxe6 Kxe6
34. Kc3 Ke5 35. Rd5+ Kf4 36. Kd2 g4 37. hxg4 Kxg4 38. Ke3 b5 39. c5 b4 40. Rd8
Rxc5 41. Rg8+ Kh5 42. Kf4 Kh6 43. Ra8 Ra5 44. Rg8 Rxa2 45. Kxf5 e3 46. Re8 Rf2+
47. Ke4 e2 48. Kd3 Rxg2 49. Rxe2 Rxe2 50. Kxe2 Kg5 51. Kd3 Kf4 52. Kc4 a5 53.
Kb5 Ke5 54. Kxa5 Kd6 55. Kxb4 Kc6 56. Ka5 Kb7 57. Kb5 Kc7 58. Ka6 Kb8 59. Kb6
Kc8 60. b4 Kb8 61. b5 Kc8 62. Ka7 1-0

[Event "Titled Tue 3rd Jan Late"]
[Site "chess.com INT"]
[Date "2025.06.03"]
[Round "8"]
[White "Ivashentseva, Dominika"]
[Black "Sivakumar, Ashvin"]
[Result "0-1"]
[WhiteTitle "WCM"]
[BlackTitle "FM"]
[WhiteElo "1921"]
[BlackElo "2175"]
[WhiteFideId "34331050"]
[BlackFideId "5804655"]
[EventDate "2025.06.03"]

1. d4 Nf6 2. c4 d6 3. Nc3 g6 4. e4 Bg7 5. Nf3 O-O 6. Be2 e5 7. O-O Nbd7 8. Be3
Ng4 9. Bg5 f6 10. Bh4 g5 11. Bg3 Nh6 12. dxe5 Nxe5 13. Nxe5 dxe5 14. Qd5+ Nf7
15. Rad1 c6 16. Qc5 Qb6 17. Qa3 Be6 18. Na4 Qa6 19. Qb4 b6 20. Rd2 c5 21. Qb3
Rfd8 22. Rfd1 Bf8 23. Nc3 Rd4 24. Nb5 Rxd2 25. Rxd2 Rd8 26. Rxd8 Nxd8 27. Qd3
Nc6 28. Nc7 Qc8 29. Nxe6 Qxe6 30. Qd5 Nd4 31. Bg4 Qxd5 32. cxd5 Kf7 33. Bd1 c4
34. f3 b5 35. Bf2 a6 36. Bxd4 exd4 37. Kf2 h5 38. Ke2 Bd6 39. g3 h4 40. Kf2 Be5
41. gxh4 gxh4 42. h3 Ke7 43. Ke2 Kd6 44. Kd2 Kc5 45. a3 Bf4+ 46. Kc2 a5 47. b3
d3+ 48. Kc3 b4+ 49. axb4+ axb4+ 50. Kb2 c3+ 51. Kb1 Kd4 52. Bc2 dxc2+ 53. Kxc2
Be5 54. Kd1 Kd3 55. Kc1 c2 56. f4 Bxf4+ 57. Kb2 c1=Q+ 58. Ka2 Qc2+ 59. Ka1 Be5# 0-1

[Event "Titled Tue 3rd Jan Late"]
[Site "chess.com INT"]
[Date "2025.06.03"]
[Round "8"]
[White "Do Carmo, Gabriel Carckeno"]
[Black "Omariev, Maksim"]
[Result "0-1"]
[BlackTitle "FM"]
[WhiteElo "2021"]
[BlackElo "2304"]
[WhiteFideId "22783024"]
[BlackFideId "4193423"]
[EventDate "2025.06.03"]

1. c4 e5 2. Nc3 Nc6 3. Nf3 Nf6 4. e4 Bb4 5. d3 O-O 6. a3 Bc5 7. b4 Bd4 8. Nxd4
Nxd4 9. Be2 d6 10. O-O c5 11. b5 a6 12. Bg5 h6 13. Bxf6 Qxf6 14. Nd5 Qd8 15.
bxa6 Rxa6 16. Bg4 Be6 17. a4 Bxd5 18. cxd5 Qa8 19. f4 exf4 20. Rxf4 Re8 21. Qf1
Re7 22. Bd1 b5 23. Bh5 Raa7 24. a5 g6 25. Rf6 Qd8 26. Qf4 Re5 27. Bd1 Kg7 28.
Rf5 gxf5 29. exf5 Rxf5 30. Qe4 Re5 31. Qg4+ Qg5 32. Qh3 Rae7 33. Kf2 Qf4+ 34.
Bf3 Re2+ 35. Kf1 R2e3 36. Ra2 Nxf3 37. gxf3 Rxf3+ 38. Kg1 Rxh3 39. Rg2+ Kh7 40.
Rg7+ Kxg7 0-1

[Event "Titled Tue 3rd Jan Late"]
[Site "chess.com INT"]
[Date "2025.06.03"]
[Round "8"]
[White "Dovgaliuk, Oleksandr"]
[Black "Torosyan, Volodya"]
[Result "1/2-1/2"]
[BlackTitle "CM"]
[WhiteElo "2240"]
[BlackElo "2186"]
[WhiteFideId "14167247"]
[BlackFideId "13319051"]
[EventDate "2025.06.03"]

1. d4 d5 2. Nf3 Nf6 3. Bg5 Ne4 4. Bh4 c5 5. e3 Nc6 6. c3 cxd4 7. exd4 Qd6 8.
Nbd2 Qh6 9. Qc1 Nxd2 10. Qxd2 Qxd2+ 11. Kxd2 Bf5 12. Bb5 a6 13. Bd3 Bxd3 14.
Kxd3 e6 15. Rhe1 Kd7 16. b4 b5 17. a4 Bd6 18. Ra3 Kc7 19. Rea1 Kb7 20. axb5 axb5
21. Rxa8 Rxa8 22. Rxa8 Kxa8 23. Ng5 Nd8 24. Nxh7 f6 25. Bg3 Be7 26. h4 Kb7 27.
h5 Kc6 28. Bf4 Kd7 29. g4 Nf7 30. Be3 e5 31. f4 exf4 32. Bxf4 Ke6 33. Ke3 Nd6
34. Bxd6 Bxd6 35. g5 Kf5 36. h6 gxh6 37. Nxf6 Bf4+ 38. Kf3 hxg5 39. Nxd5 g4+ 40.
Kg2 Bd6 41. Nb6 Ke4 42. c4 Bc7 43. Nd5 bxc4 44. Nxc7 c3 45. Na6 c2 46. Nc5+ Kxd4
47. Nb3+ Kc3 48. Nc1 Kxb4 49. Kg3 Kc3 50. Kxg4 Kd2 51. Na2 Kd3 52. Kf3 Kc4 53.
Ke2 Kb3 54. Kd2 Kb2 55. Nc1 Kb1 56. Nd3 c1=Q+ 57. Nxc1 1/2-1/2

[Event "Titled Tue 3rd Jan Late"]
[Site "chess.com INT"]
[Date "2025.06.03"]
[Round "8"]
[White "Hernandez Leon, Sergio"]
[Black "Carlsson, Ludvig"]
[Result "1/2-1/2"]
[WhiteTitle "CM"]
[BlackTitle "IM"]
[WhiteElo "2106"]
[BlackElo "2374"]
[WhiteFideId "2285622"]
[BlackFideId "1727010"]
[EventDate "2025.06.03"]

1. e4 e5 2. Nf3 Nc6 3. d4 exd4 4. Nxd4 Nf6 5. Nxc6 bxc6 6. Nd2 d5 7. exd5 cxd5
8. Bb5+ Bd7 9. Bxd7+ Qxd7 10. O-O Be7 11. b3 O-O 12. Bb2 a5 13. a4 c5 14. Qf3
Qg4 15. Rad1 Qxf3 16. Nxf3 d4 17. Ne5 Bd6 18. Nc4 Ra6 19. Ba3 Rc8 20. c3 Bf8 21.
cxd4 cxd4 22. Bxf8 Kxf8 23. Rxd4 Rb8 24. Re1 g6 25. Re3 Ra7 26. Rf4 Nd5 27. Rff3
Nxe3 28. Rxe3 Rc7 29. h4 Rc5 30. Rd3 Kg7 31. g3 Rb7 32. Kg2 h5 33. f3 Re7 34.
Kf2 Rb7 35. Ke3 Rf5 36. f4 Rc7 37. Kd2 Rcc5 38. Kc3 Rfd5 39. Re3 Rd1 40. Kc2 Rg1
41. Kc3 Rd5 42. Nb6 Rc5+ 43. Nc4 Rd5 44. Nb6 Rc1+ 45. Kb2 Rdd1 46. Nc4 Rb1+ 47.
Kc3 Rdc1+ 48. Kd2 Rd1+ 49. Kc3 Rd5 50. Kc2 Rg1 51. Kc3 Kf6 52. Nb6 Rc1+ 53. Kb2
Rdc5 54. Nd7+ Kf5 55. Nxc5 Rxc5 56. Re5+ Rxe5 57. fxe5 Kxe5 58. b4 axb4 59. a5
Kd5 60. Kb3 Kc5 61. a6 Kb6 62. Kxb4 Kxa6 63. Kc5 f5 64. Kd5 Kb5 65. Ke5 Kc5 66.
Kf6 Kd5 67. Kxg6 Ke4 68. Kxh5 Kf3 69. Kg5 Kxg3 70. Kxf5 Kxh4 1/2-1/2

[Event "Titled Tue 3rd Jan Late"]
[Site "chess.com INT"]
[Date "2025.06.03"]
[Round "8"]
[White "Hoeffer, David"]
[Black "Khanbutaev, Artemii"]
[Result "0-1"]
[WhiteTitle "FM"]
[WhiteElo "2295"]
[BlackElo "2059"]
[WhiteFideId "24606766"]
[BlackFideId "55747175"]
[EventDate "2025.06.03"]

1. e4 e5 2. Nf3 Nc6 3. Bb5 a6 4. Ba4 Nf6 5. O-O Be7 6. Re1 b5 7. Bb3 d6 8. c3
Na5 9. Bc2 c5 10. d4 Qc7 11. Bg5 cxd4 12. cxd4 Bg4 13. Nbd2 Rc8 14. Bd3 exd4 15.
h3 Bh5 16. g4 Bg6 17. Nxd4 h5 18. N2b3 Nxb3 19. Qxb3 hxg4 20. Rac1 Qb7 21. Rxc8+
Qxc8 22. Rc1 Qd7 23. h4 O-O 24. Nc6 Re8 25. e5 Bxd3 26. Qxd3 dxe5 27. Qxd7 Nxd7
28. Nxe7+ Kf8 29. Nd5 f6 30. Be3 Kf7 31. Rc6 Ra8 32. Rc7 Rd8 33. Nb6 Ke6 34.
Nxd7 Rxd7 35. Rxd7 Kxd7 36. Kg2 g6 37. Bb6 f5 38. Kf1 Kc6 39. Bd8 Kd5 40. Ke2
Ke4 41. Bf6 f4 42. a3 Kf5 43. Bd8 e4 44. Kf1 f3 45. Bg5 Ke6 46. Be3 Kd5 47. Kg1
Kc4 48. Kh2 Kb3 49. Bd4 Kc4 50. Bf6 e3 51. fxe3 Kd3 52. e4 f2 53. Kg2 Ke2 54.
Kg3 f1=Q 55. Be5 Qf3+ 0-1

[Event "Titled Tue 3rd Jan Late"]
[Site "chess.com INT"]
[Date "2025.06.03"]
[Round "8"]
[White "Nguyen Hong Nhung"]
[Black "Golizadeh, Asghar"]
[Result "0-1"]
[WhiteTitle "WFM"]
[BlackTitle "GM"]
[WhiteElo "2197"]
[BlackElo "2457"]
[WhiteFideId "12412201"]
[BlackFideId "12505269"]
[EventDate "2025.06.03"]

1. e4 e5 2. Nf3 Nc6 3. d4 exd4 4. Bc4 Bc5 5. Ng5 Nh6 6. Bxf7+ Nxf7 7. Nxf7 Kxf7
8. Qh5+ g6 9. Qxc5 d6 10. Qc4+ Be6 11. Qe2 Ne5 12. O-O Bc4 13. Qd1 Bxf1 14. Qxf1
Kg7 15. Qd1 c5 16. c3 Qh4 17. h3 Rhf8 18. f4 Nc6 19. cxd4 Nxd4 20. Be3 Rae8 21.
Bxd4+ cxd4 22. Qxd4+ Kg8 23. Nc3 Qxf4 24. Rd1 Qe5 25. Qxa7 Rf7 26. Qa4 Ref8 27.
Qc4 Kh8 28. Re1 Qg3 29. Qd4+ Kg8 30. Rd1 Rf2 31. Qd5+ R8f7 32. e5 dxe5 33. Qe4
Qf4 34. Qd5 Rf1+ 35. Rxf1 Qxf1+ 36. Kh2 Qf4+ 37. Kg1 Qc1+ 38. Kh2 Qf4+ 39. Kh1
Kg7 40. Ne4 Qc1+ 41. Kh2 Qxb2 42. Ng5 Rf2 43. h4 Qxa2 44. Qxe5+ Rf6 0-1

[Event "Titled Tue 3rd Jan Late"]
[Site "chess.com INT"]
[Date "2025.06.03"]
[Round "8"]
[White "Fomevor, Cephas Clinton"]
[Black "Sobek, Jaroslav"]
[Result "1-0"]
[WhiteTitle "CM"]
[BlackTitle "FM"]
[WhiteElo "1883"]
[BlackElo "2195"]
[WhiteFideId "12601330"]
[BlackFideId "301388"]
[EventDate "2025.06.03"]

1. d4 Nf6 2. c4 e5 3. Nf3 e4 4. Ng1 c6 5. Bg5 d5 6. Nc3 Bb4 7. Bxf6 Qxf6 8. e3
Bxc3+ 9. bxc3 O-O 10. cxd5 cxd5 11. Qb3 Qc6 12. Ne2 Nd7 13. Nf4 Nf6 14. Be2 Be6
15. O-O Rfc8 16. Rfc1 Rc7 17. Nxe6 Qxe6 18. c4 dxc4 19. Rxc4 Rxc4 20. Bxc4 Qe7
21. Rb1 b6 22. Rd1 Rc8 23. Ba6 Rc7 24. a4 Qd6 25. h3 h5 26. Be2 g6 27. Qb2 Kg7
28. Rc1 Rxc1+ 29. Qxc1 Qb4 30. Qa1 Nd5 31. g4 hxg4 32. hxg4 Nc3 33. Bd1 a5 34.
Kg2 Kf8 35. Kg3 g5 36. Kg2 Ke7 37. Kf1 Kd6 38. Kg2 Kd5 39. Qc1 Kd6 40. f3 exf3+
41. Bxf3 Ke7 42. Qc2 Qc4 43. Qf5 f6 44. Qh7+ Ke6 45. Qg8+ Kd6 46. Qxc4 1-0

[Event "Titled Tue 3rd Jan Late"]
[Site "chess.com INT"]
[Date "2025.06.03"]
[Round "8"]
[White "Rozman, Levy"]
[Black "Tang, Andrew"]
[Result "0-1"]
[WhiteTitle "IM"]
[BlackTitle "GM"]
[WhiteElo "2324"]
[BlackElo "2529"]
[WhiteFideId "2039877"]
[BlackFideId "2059630"]
[EventDate "2025.06.03"]

1. d4 d5 2. Bg5 h6 3. Bh4 c6 4. Nc3 Qb6 5. Rb1 e5 6. e3 Nd7 7. Nf3 e4 8. Nd2 Ne7
9. Bxe7 Bxe7 10. f3 f5 11. fxe4 fxe4 12. Qh5+ Kf8 13. Be2 Nf6 14. O-O Be6 15.
Bg4 Bf7 16. Qh3 Qc7 17. Be6 Qd6 18. Bxf7 Kxf7 19. Ne2 Qe6 20. Qh5+ g6 21. Qh4 g5
22. Qe1 Bd6 23. Ng3 Kg6 24. c4 Raf8 25. cxd5 cxd5 26. Qe2 Bxg3 27. hxg3 Rf7 28.
Rf2 Qd6 29. Nf1 Rhf8 30. Rc1 h5 31. Rc2 Ng4 32. Rxf7 Rxf7 33. Qb5 Qf6 34. Qe2
Qf5 35. Rd2 Qe6 36. Rc2 Qb6 37. a3 Qd6 38. Qb5 Qf6 39. Qe2 Qf5 40. Qd2 h4 41.
Qe2 Nf6 42. gxh4 gxh4 43. Rc1 Qg5 44. Rc2 Ng4 45. Rc1 Rf2 46. Qb5 Qf5 47. Qxb7
Rxg2+ 48. Kxg2 h3+ 49. Kg3 Qf3+ 50. Kh4 Nf6 51. Rc7 Qg4# 0-1

[Event "Titled Tue 3rd Jan Late"]
[Site "chess.com INT"]
[Date "2025.06.03"]
[Round "8"]
[White "Povshednyi, Ivan"]
[Black "Sroczynski, Maciej"]
[Result "0-1"]
[WhiteTitle "FM"]
[BlackTitle "FM"]
[WhiteElo "2320"]
[BlackElo "2236"]
[WhiteFideId "14190907"]
[BlackFideId "1121472"]
[EventDate "2025.06.03"]

1. d4 Nf6 2. c4 e6 3. Nc3 Bb4 4. e3 O-O 5. Ne2 b6 6. a3 Be7 7. d5 e5 8. Ng3 d6
9. e4 Ne8 10. Bd3 g6 11. O-O Ng7 12. Bh6 a5 13. b4 Bg5 14. Bxg5 Qxg5 15. Qc1 Qh4
16. Nb5 Na6 17. Rb1 f5 18. f4 fxe4 19. Nxe4 exf4 20. Qe1 Qe7 21. bxa5 bxa5 22.
Nec3 Qg5 23. Ne4 Qe5 24. Qc3 Qxc3 25. Nexc3 g5 26. Rbe1 Bf5 27. Be2 Rae8 28. Kf2
Re3 29. Bd1 Rfe8 30. Rxe3 fxe3+ 31. Kg3 h5 32. h4 g4 33. Be2 Re7 34. Nd4 Bd7 35.
Rb1 Nc5 36. Rb8+ Kh7 37. Rf8 Kg6 38. Ra8 a4 39. Rf8 Nf5+ 40. Nxf5 Bxf5 41. Rg8+
Kf7 42. Rg5 Bg6 43. Kf4 Ne4 44. Nxe4 Rxe4+ 45. Kg3 Re8 46. Kh2 Rb8 47. Kg3 Rb2
48. Bf1 e2 49. Bxe2 Rxe2 50. c5 Kf6 51. c6 Re3+ 52. Kf4 Rxa3 53. g3 Rf3# 0-1

[Event "Titled Tue 3rd Jan Late"]
[Site "chess.com INT"]
[Date "2025.06.03"]
[Round "8"]
[White "Thake, Conrad"]
[Black "Ugarte Soto, Cesar"]
[Result "0-1"]
[WhiteTitle "CM"]
[BlackTitle "CM"]
[WhiteElo "1873"]
[BlackElo "2088"]
[WhiteFideId "5602947"]
[BlackFideId "3601331"]
[EventDate "2025.06.03"]

1. e4 c5 2. Nf3 d6 3. d4 cxd4 4. Nxd4 Nf6 5. Nc3 g6 6. Be3 a6 7. f3 h5 8. Bc4
Nbd7 9. Qd2 Bg7 10. Bb3 Qc7 11. O-O-O b5 12. Nd5 Nxd5 13. Bxd5 Bb7 14. Bxb7 Qxb7
15. Kb1 Rc8 16. h4 Ne5 17. Qf2 Nc4 18. Bc1 b4 19. Rhe1 O-O 20. g4 Rc5 21. gxh5
Rxh5 22. f4 Rc5 23. f5 Rfc8 24. h5 Na3+ 25. bxa3 bxa3+ 26. Nb3 Rxc2 27. Rd2
Rxc1+ 28. Rxc1 Qxe4+ 29. Rdc2 Bb2 30. Rg1 Rxc2 31. Qxc2 Qe3 32. Rd1 gxh5 33.
Qc8+ Kg7 34. Qc2 h4 35. Qg2+ Kf6 36. Rg1 Qd3+ 37. Qc2 Qxf5 38. Qxf5+ Kxf5 39.
Rf1+ Ke6 40. Kc2 f5 41. Kd3 Be5 42. Nd4+ Bxd4 43. Kxd4 Kf6 44. Ke3 e5 45. Rh1
Kg5 46. Rg1+ Kh5 47. Kf3 d5 48. Rh1 d4 49. Re1 e4+ 50. Kf4 d3 51. Kxf5 d2 52.
Rg1 e3 53. Rg5+ Kh6 54. Rg6+ Kh7 0-1

[Event "Titled Tue 3rd Jan Late"]
[Site "chess.com INT"]
[Date "2025.06.03"]
[Round "8"]
[White "Escareno Rojas, Angel Salvador"]
[Black "Hamedi Nia, Vesal"]
[Result "0-1"]
[BlackTitle "WIM"]
[WhiteElo "1965"]
[BlackElo "2010"]
[WhiteFideId "5107733"]
[BlackFideId "12542253"]
[EventDate "2025.06.03"]

1. d4 d5 2. c4 e6 3. Nc3 Nf6 4. Nf3 Be7 5. Bf4 O-O 6. e3 a5 7. Bd3 Nbd7 8. O-O
c6 9. c5 b6 10. cxb6 Qxb6 11. Na4 Qb4 12. b3 c5 13. dxc5 Nxc5 14. Nxc5 Bxc5 15.
a3 Qb6 16. Qc2 h6 17. Rfc1 Bd6 18. Bxd6 Qxd6 19. Nd4 Ba6 20. Bb5 Rfc8 21. Qb2
Ne4 22. f3 Nc5 23. Bxa6 Qxa6 24. Rc3 Nd3 25. Qd2 Rxc3 26. Qxc3 Rc8 27. Qd2 Ne5
28. f4 Ng4 29. h3 Nf6 30. Rc1 Ne4 31. Rxc8+ Qxc8 32. Qc2 Qf8 33. Nb5 Qb8 34. a4
Qb6 35. Qd3 Qc5 36. Kf1 Qc1+ 37. Ke2 Qg1 38. Qd1 Qxg2+ 39. Kd3 Nf2+ 40. Kd2
Nxd1+ 41. Kxd1 Qf2 42. Kc1 Qxe3+ 43. Kb2 Qxf4 44. Kc3 Qb4+ 45. Kb2 e5 46. Kc2 e4
47. Nc3 Qd4 48. Nb5 Qd3+ 49. Kb2 e3 50. Nc3 e2 51. Nb5 e1=Q 0-1

[Event "Titled Tue 3rd Jan Late"]
[Site "chess.com INT"]
[Date "2025.06.03"]
[Round "8"]
[White "Lazavik, Denis"]
[Black "Kravtsiv, Martyn"]
[Result "1-0"]
[WhiteTitle "GM"]
[BlackTitle "GM"]
[WhiteElo "2577"]
[BlackElo "2598"]
[WhiteFideId "13515110"]
[BlackFideId "14113147"]
[EventDate "2025.06.03"]

1. d4 Nf6 2. c4 e6 3. Nc3 d5 4. cxd5 exd5 5. Bg5 Be7 6. e3 O-O 7. Bd3 h6 8. Bf4
c5 9. Nf3 Nc6 10. O-O cxd4 11. Nxd4 Nxd4 12. exd4 Bd6 13. Qd2 Bxf4 14. Qxf4 Qb6
15. Rab1 Be6 16. Rfe1 Rac8 17. h3 Rfe8 18. Re3 a6 19. Re2 Qc7 20. Qh4 Bd7 21.
Rbe1 Rxe2 22. Rxe2 Re8 23. Rxe8+ Bxe8 24. f3 b5 25. a3 a5 26. Qf2 b4 27. axb4
axb4 28. Na2 Qb6 29. Bf1 Bb5 30. Bxb5 Qxb5 31. Qd2 b3 32. Nc3 Qa5 33. Kf2 Qa1
34. Nd1 Qb1 35. Ne3 Qa1 36. Qc3 Qa4 37. Nf1 Ne8 38. Nd2 Nd6 39. Nxb3 Nb5 40.
Qc8+ Kh7 41. Qf5+ Kg8 42. Qxd5 Qb4 43. h4 h5 44. Qa8+ Kh7 45. Qe4+ g6 46. Qd3
Nd6 47. Qc3 Qb6 48. Nc5 Nf5 49. g3 Kg8 50. b4 Qd8 51. Ne4 Nxd4 52. Kg2 Qb6 53.
Qc5 Qxc5 54. Nxc5 Kf8 55. Kf2 Ke7 56. Nd3 Kd6 57. Ke3 Ne6 58. Ke4 f5+ 59. Ke3
Nc7 60. Nf4 Na6 61. b5 Nc7 62. b6 Nb5 63. Nxg6 1-0